<?xml version="1.0" encoding="UTF-8"?>
<record
    xmlns:xsi="http://www.w3.org/2001/XMLSchema-instance"
    xsi:schemaLocation="http://www.loc.gov/MARC21/slim http://www.loc.gov/standards/marcxml/schema/MARC21slim.xsd"
    xmlns="http://www.loc.gov/MARC21/slim">

  <leader>00559nam a22001817a 4500</leader>
  <controlfield tag="005">20251112161248.0</controlfield>
  <controlfield tag="008">251112b        |||||||| |||| 00| 0 eng d</controlfield>
  <datafield tag="020" ind1=" " ind2=" ">
    <subfield code="a">979-8-88715-069-7</subfield>
  </datafield>
  <datafield tag="050" ind1=" " ind2=" ">
    <subfield code="a">TX 546 .H36 2023 </subfield>
    <subfield code="b">1</subfield>
  </datafield>
  <datafield tag="100" ind1=" " ind2=" ">
    <subfield code="a">HAMPTON,EMILY M.</subfield>
  </datafield>
  <datafield tag="245" ind1=" " ind2=" ">
    <subfield code="a">QUALITY FOOD PREPARATION  TECHNIQUES AND MANAGEMENT OF FRUITIS  </subfield>
  </datafield>
  <datafield tag="250" ind1=" " ind2=" ">
    <subfield code="a">1ST ED.</subfield>
  </datafield>
  <datafield tag="260" ind1=" " ind2=" ">
    <subfield code="a">DUBLIN,OH </subfield>
    <subfield code="b">ORYSON PRESS</subfield>
    <subfield code="c">2023</subfield>
  </datafield>
  <datafield tag="300" ind1=" " ind2=" ">
    <subfield code="a">VI,298P.:ILL.</subfield>
  </datafield>
  <datafield tag="500" ind1=" " ind2=" ">
    <subfield code="a">INCLUDES INDEX</subfield>
  </datafield>
  <datafield tag="650" ind1=" " ind2=" ">
    <subfield code="a">FRUIT-PROCESSING, FOOD- PREPARATION, FOOD SERVICE - MANAGEMENT</subfield>
  </datafield>
  <datafield tag="942" ind1=" " ind2=" ">
    <subfield code="2">lcc</subfield>
    <subfield code="c">BK</subfield>
  </datafield>
  <datafield tag="999" ind1=" " ind2=" ">
    <subfield code="c">216175</subfield>
    <subfield code="d">216175</subfield>
  </datafield>
  <datafield tag="952" ind1=" " ind2=" ">
    <subfield code="0">0</subfield>
    <subfield code="1">0</subfield>
    <subfield code="2">lcc</subfield>
    <subfield code="4">0</subfield>
    <subfield code="6">TX0546 H36  02023</subfield>
    <subfield code="7">0</subfield>
    <subfield code="8">SCT</subfield>
    <subfield code="9">373285</subfield>
    <subfield code="a">KSUL</subfield>
    <subfield code="b">KSUL</subfield>
    <subfield code="d">2025-11-12</subfield>
    <subfield code="i"> 109737</subfield>
    <subfield code="l">0</subfield>
    <subfield code="o">TX 546 .H36 2023</subfield>
    <subfield code="p">000000024803</subfield>
    <subfield code="r">2025-11-12 16:32:00</subfield>
    <subfield code="t">1</subfield>
    <subfield code="w">2025-11-12</subfield>
    <subfield code="y">BK</subfield>
  </datafield>
  <datafield tag="952" ind1=" " ind2=" ">
    <subfield code="0">0</subfield>
    <subfield code="1">0</subfield>
    <subfield code="2">lcc</subfield>
    <subfield code="4">0</subfield>
    <subfield code="6">TX0546 H36  02023</subfield>
    <subfield code="7">0</subfield>
    <subfield code="8">SCT</subfield>
    <subfield code="9">373286</subfield>
    <subfield code="a">KSUL</subfield>
    <subfield code="b">KSUL</subfield>
    <subfield code="d">2025-11-12</subfield>
    <subfield code="i"> 109738</subfield>
    <subfield code="l">0</subfield>
    <subfield code="o">TX 546 .H36 2023</subfield>
    <subfield code="p">000000024802</subfield>
    <subfield code="r">2025-11-12 16:32:00</subfield>
    <subfield code="t">2</subfield>
    <subfield code="w">2025-11-12</subfield>
    <subfield code="y">BK</subfield>
  </datafield>
  <datafield tag="952" ind1=" " ind2=" ">
    <subfield code="0">0</subfield>
    <subfield code="1">0</subfield>
    <subfield code="2">lcc</subfield>
    <subfield code="4">0</subfield>
    <subfield code="6">TX0546 H36  02023</subfield>
    <subfield code="7">0</subfield>
    <subfield code="8">SCT</subfield>
    <subfield code="9">373290</subfield>
    <subfield code="a">KSUL</subfield>
    <subfield code="b">KSUL</subfield>
    <subfield code="d">2025-11-12</subfield>
    <subfield code="i">109739</subfield>
    <subfield code="l">0</subfield>
    <subfield code="o">TX 546 .H36 2023</subfield>
    <subfield code="p">000000024801</subfield>
    <subfield code="r">2025-11-12 16:36:12</subfield>
    <subfield code="t">3</subfield>
    <subfield code="w">2025-11-12</subfield>
    <subfield code="y">BK</subfield>
  </datafield>
  <datafield tag="952" ind1=" " ind2=" ">
    <subfield code="0">0</subfield>
    <subfield code="1">0</subfield>
    <subfield code="2">lcc</subfield>
    <subfield code="4">0</subfield>
    <subfield code="6">TX0546 H36  02023</subfield>
    <subfield code="7">0</subfield>
    <subfield code="8">SCT</subfield>
    <subfield code="9">373291</subfield>
    <subfield code="a">KSUL</subfield>
    <subfield code="b">KSUL</subfield>
    <subfield code="d">2025-11-12</subfield>
    <subfield code="i">109740</subfield>
    <subfield code="l">0</subfield>
    <subfield code="o">TX 546 .H36 2023</subfield>
    <subfield code="p">000000024800</subfield>
    <subfield code="r">2025-11-12 16:36:00</subfield>
    <subfield code="t">4</subfield>
    <subfield code="w">2025-11-12</subfield>
    <subfield code="y">BK</subfield>
  </datafield>
</record>
